| 000 | 01984cam a2200445 a 4500 | ||
|---|---|---|---|
| 003 | OSt | ||
| 005 | 20240530110425.0 | ||
| 008 | 110120s2013 ua ab f b 001 0 eng d | ||
| 020 | _a9789774164590 (trade) | ||
| 020 | _a9774164598 (trade) | ||
| 035 | _a(OCoLC)ocn698331742 | ||
| 035 | _a(OCoLC)698331742 | ||
| 040 |
_aEG-CaGPL _cEG-CaGPL |
||
| 042 | _alccopycat | ||
| 043 | _af-ua--- | ||
| 082 | 0 | 4 |
_221 _a962.16 _bCC/G H |
| 100 | 1 | _aGabra, Gawdat. | |
| 245 | 1 | 4 |
_aThe history and religious heritage of old Cairo : _bits fortress, churches, synagogue, and mosque / _cGawdat Gabra ... [et al.] ; edited by Carolyn Ludwig and Morris Jackson ; photographs by Sherif Sonbol. |
| 250 | _aLudwig Publishing edition. | ||
| 260 |
_aCairo : _bAmerican University in Cairo Press, _c2013. |
||
| 300 |
_a334 p. : _bill. (some col.), col. maps; _c31 cm. |
||
| 504 | _aIncludes bibliographical references (p. 320-329) and index. | ||
| 505 | 0 | _aPreface / Carolyn Ludwig -- Introduction / Gawdat Gabra -- Chronology of events -- Plan of old Cairo / Nicholas Warner -- The fortress of Babylon in old Cairo / Gawdat Gabra -- The Jewish heritage of old Cairo / Stefan C. Reif -- The Christian heritage of old Cairo / Gertrud J.M. van Loon -- The coptic Museum / Gawdat Gabra -- The Islamic heritage of old Cairo / Tarek Swelim. | |
| 650 | 0 |
_aArchitecture _zEgypt _zCairo. |
|
| 650 | 0 |
_aReligious architecture _zEgypt _zCairo. |
|
| 650 | 0 |
_aChurch buildings _zEgypt _zCairo. |
|
| 650 | 0 |
_aSynagogues _zEgypt _zCairo. |
|
| 650 | 0 |
_aMosques _zEgypt _zCairo. |
|
| 650 | 0 |
_aChristianity _zEgypt _zCairo. |
|
| 650 | 0 |
_aJudaism _zEgypt _zCairo. |
|
| 650 | 0 |
_aIslam _zEgypt _zCairo. |
|
| 651 | 0 |
_aCairo (Egypt) _xBuildings, structures, etc. |
|
| 651 | 0 |
_aCairo (Egypt) _xDescription and travel. |
|
| 651 | 0 |
_aCairo (Egypt) _vPictorial works. |
|
| 651 | 0 |
_aCairo (Egypt) _xReligion. |
|
| 700 | 1 | _aLudwig, Carolyn. | |
| 700 | 1 | _aJackson, Morris. | |
| 700 | 1 | _aSunbul, Sharīf. | |
| 942 |
_2ddc _cBK |
||
| 999 |
_c60727 _d60727 |
||